Phaidon encyclopedia of art and artists.

Bibliographic Details
Format: Book
Language:English
Published: Oxford : Phaidon, 1978.
Subjects:

MARC

Tag First Indicator Second Indicator Subfields
LEADER 00000cam a2200000 a 4500
001 in00000083330
005 20151008061229.0
008 780926s1978 enkacf d 00000cengm
010 |a  77089312  
015 |a GB78-21359 
020 |a 0714815136 :  |c 12.95 
035 |a (OCoLC)04377159 
035 |9 AAJ7602AM 
040 |a DLC  |c DLC  |d TXA  |d UtOrBLW 
049 |a TXAM  |c [932783] 
050 0 0 |a N31  |b .P48 
082 0 |a 703 
245 0 0 |a Phaidon encyclopedia of art and artists. 
264 1 |a Oxford :  |b Phaidon,  |c 1978. 
300 |a 704 pages, 60 unnumbered pages of plates :  |b illustrations (some color), portraits (some color) ;  |c 28 cm. 
336 |a text  |b txt  |2 rdacontent 
337 |a unmediated  |b n  |2 rdamedia 
338 |a volume  |b nc  |2 rdacarrier 
500 |a "Adapted from the Pall Mall encyclopedia of art." 
650 0 |a Art  |v Dictionaries. 
650 0 |a Artists  |x Biography. 
730 0 |a Pall Mall encyclopedia of art. 
740 0 |a Encyclopedia of art and artists. 
999 |a MARS 
999 f f |s 5aca556b-5163-38d6-9ec0-55fa7f211c74  |i 98d9a08f-7788-3c27-84b6-bf3e32e0a2d5  |t 0 
952 f f |p normal  |a Texas A&M University  |b College Station  |c Sterling C. Evans Library  |d Evans: Library Stacks  |t 0  |e N31 .P48  |h Library of Congress classification  |i unmediated -- volume  |m A14806165813 
998 f f |a N31 .P48  |t 0  |l Evans: Library Stacks